ბათუმის შოთა რუსთაველის სახელმწიფო უნივერსიტეტის ბიბლიოთეკა

იშრომე ბევრი,იყავი კეთილი= Work hard, be nice (ბიბ.ჩანაწერი № 51007)

000 -LEADER
fixed length control field 01344nam a2200253Ia 4500
001 - CONTROL NUMBER
control field 17964
003 - CONTROL NUMBER IDENTIFIER
control field GE_BSU
008 - FIXED-LENGTH DATA ELEMENTS--GENERAL INFORMATION
fixed length control field 181216s||||||||xx |||||||||||||| ||und||
020 ## - INTERNATIONAL STANDARD BOOK NUMBER
International Standard Book Number 978-9941-442-80-3
040 ## - CATALOGING SOURCE
Transcribing agency GE_BSU
080 ## - UNIVERSAL DECIMAL CLASSIFICATION NUMBER
Universal Decimal Classification number 373.3/5(73)
100 ## - MAIN ENTRY--PERSONAL NAME
Personal name მათეუსი, ჯეი
245 ## - TITLE STATEMENT
Title იშრომე ბევრი,იყავი კეთილი= Work hard, be nice
245 ## - TITLE STATEMENT
Remainder of title როგორ შექმნა ორმა მონდომებულმა მასწავლებელმა ყველაზე პერსპექტიული სკოლები ამერიკაში
245 ## - TITLE STATEMENT
Statement of responsibility, etc. მთარგმნ. გიული ლეჟავა ; რედ. კახა ჯამბურია
260 ## - PUBLICATION, DISTRIBUTION, ETC.
Place of publication, distribution, etc. თბილისი
260 ## - PUBLICATION, DISTRIBUTION, ETC.
Name of publisher, distributor, etc. საუნჯე
260 ## - PUBLICATION, DISTRIBUTION, ETC.
Date of publication, distribution, etc. 2013
300 ## - PHYSICAL DESCRIPTION
Extent 376 გვ. ; 19 სმ
653 ## - INDEX TERM--UNCONTROLLED
Uncontrolled term იშრომე ბევრი, იყავი კეთილი
653 ## - INDEX TERM--UNCONTROLLED
Uncontrolled term როგორ შექმნა ორმა მონდომებულმა მასწავლებელმა ყველაზე პერსპექტიული სკოლები ამერიკაში
653 ## - INDEX TERM--UNCONTROLLED
Uncontrolled term სასკოლო განათლება ამერიკაში
942 ## - ADDED ENTRY ELEMENTS (KOHA)
Koha item type წიგნი
ეგზემპლარები
Withdrawn status Lost status Damaged status Not for loan Date acquired Barcode Date last seen Price effective from Koha item type Public note
        2018-12-17 45920 2018-12-17 2018-12-17 წიგნი  
        2018-12-17 00455 11ლ.30თ. 2018-12-17 2018-12-17 წიგნი ქსეროქსი
        2018-12-17 00456 11ლ.30თ. 2018-12-17 2018-12-17 წიგნი ქსეროქსი
        2018-12-17 00457 11ლ.30თ. 2018-12-17 2018-12-17 წიგნი ქსეროქსი